Tomás Moro

Đã lưu trong:
Chi tiết về thư mục
Tác giả chính: Chambers, R. W
Định dạng: Sách
Ngôn ngữ:Tiếng Tây Ban Nha
Được phát hành: Buenos Aires, Argentina Editorial Juventud 1936
Những chủ đề:
Các nhãn: Thêm thẻ
Không có thẻ, Là người đầu tiên thẻ bản ghi này!

MARC

LEADER 00000cam a2200000 a 4500
001 UCE3099
003 CL-VaPUC
005 20250227161805.0
008 140814e19360000ag |||||||||||||||||spa|d
999 |c 356548  |d 356546 
040 |c Pontificia Universidad Católica de Valparaíso 
082 0 4 |a 922.22 CHA 1936  |2 21 
100 0 |a Chambers, R. W  |9 575608 
245 1 0 |a Tomás Moro 
260 0 3 |a Buenos Aires, Argentina  |b Editorial Juventud  |c 1936 
300 |a 428 páginas 
500 |a Traducción del inglés por Francisco González Ríos 
583 |a last modification  |c 20140814 14:58:00  |k Rodrigo Vera 
650 0 |a Abandono del hogar  |9 309234 
650 0 |a Biografías  |9 255210 
650 7 |a SANTOS  |2 CL-VaPUC  |9 313738 
650 0 |a Vida y obra  |9 311871 
650 0 |a Reforma católica  |9 432937 
650 0 |a Renacimiento  |9 255107 
650 0 |a Iglesia Católica  |9 256114 
650 0 |a Humanismo cristiano  |9 257489 
942 |c BK  |2 ddc 
945 |d 20140814 14:58:00  |a arojas 
952 |0 0  |1 0  |2 ddc  |3 erb  |4 0  |6 922_220000000000000_CHA_1936  |7 0  |8 X  |9 463995  |a FDOBUD  |b FDOBUD  |i 4998669  |o 922.22 CHA 1936  |p 4998669  |r 2019-11-23  |t 1  |w 2019-11-23  |y BK_X  |z Catalogado en:20140814  |k BUD